Sports Quiz

Random Sports or MLB Quiz

Atlanta Braves Opening Day Starting Pitchers Quiz Stats

Quiz Updated Jun 12, 2017

Challenge
Share
Tweet
Embed
Score 0/52 Timer 10:00
7 Plays Today
Year Starter % Correct
1993Greg Maddux
96%
1994Greg Maddux
96%
1995Greg Maddux
96%
1996Greg Maddux
96%
1998Greg Maddux
96%
2000Greg Maddux
96%
2003Greg Maddux
96%
1991John Smoltz
94.8%
1997John Smoltz
94.8%
2005John Smoltz
94.8%
2007John Smoltz
94.8%
1990Tom Glavine
94.4%
1992Tom Glavine
94.4%
1999Tom Glavine
94.4%
2002Tom Glavine
94.4%
1970Phil Niekro
61.7%
1971Phil Niekro
61.7%
1972Phil Niekro
61.7%
1975Phil Niekro
61.7%
1978Phil Niekro
61.7%
1979Phil Niekro
61.7%
1980Phil Niekro
61.7%
1983Phil Niekro
61.7%
2014Julio Teherán
57.6%
2015Julio Teherán
57.6%
2016Julio Teherán
57.5%
Year Starter % Correct
2017Julio Teherán
57.5%
2006Tim Hudson
46.4%
2008Tim Hudson
46.4%
2013Tim Hudson
45.4%
1989Zane Smith
31.2%
2009Derek Lowe
24.6%
2010Derek Lowe
23.2%
2011Derek Lowe
23.2%
2004Russ Ortiz
22.4%
2012Tommy Hanson
18.3%
1982Rick Mahler
17.1%
1985Rick Mahler
17.1%
1986Rick Mahler
17.1%
1987Rick Mahler
17.1%
1988Rick Mahler
17.1%
2001John Burkett
11.8%
1977Andy Messersmith
8.6%
1984Len Barker
7.2%
1966Tony Cloninger
7.1%
1968Pat Jarvis
6.2%
1969Pat Jarvis
6.2%
1974Carl Morton
5.5%
1976Carl Morton
5.5%
1981Tommy Boggs
4.7%
1967Denny Lemaster
4.6%
1973Gary Gentry
4.2%

You're not logged in!

Compare scores with friends on all Sporcle quizzes.
Sign Up with Email
OR
Log In

You Might Also Like...

Show Comments

Extras

Top Quizzes Today


Score Distribution

Your Account Isn't Verified!

In order to create a playlist on Sporcle, you need to verify the email address you used during registration. Go to your Sporcle Settings to finish the process.